000 00325nam a2200133Ia 4500
008 240624s9999 xx 000 0 und d
041 _aeng
082 _a338.4 WOM
100 _aROOS DANIEL
245 _aMACHINE THAT CHANGED THE WORLD
260 _c1990
_aLondon
_bScribner Book Company
300 _a340 : p.
365 _cRS
999 _c17328
_d17328